Economics Burden Of Pollution In India / (Record no. 195744)

MARC details
000 -LEADER
fixed length control field 00653nam a22001937a 4500
005 - DATE AND TIME OF LATEST TRANSACTION
control field 20230419121717.0
010 ## - LCCN (DPL NO)
LC control number ENG-136736
020 ## - INTERNATIONAL STANDARD BOOK NUMBER
International Standard Book Number 9789388398497
Terms of availability 800.00
035 ## - SYSTEM CONTROL NUMBER
System control number EN-120268
037 ## - SOURCE OF ACQUISITION
Source of stock number/acquisition DBAD/PUB
082 ## - DEWEY DECIMAL CLASSIFICATION NUMBER
Classification number 363.700954
100 ## - MAIN ENTRY--PERSONAL NAME
Personal name Damodaran, K
245 00 - TITLE STATEMENT
Title Economics Burden Of Pollution In India /
Statement of responsibility, etc By K Damodaran
250 ## - EDITION STATEMENT
Edition statement First
260 ## - PUBLICATION, DISTRIBUTION, ETC. (IMPRINT)
Place of publication, distribution, etc Tamil Nadu
Name of publisher, distributor, etc Shanlax Publications
Date of publication, distribution, etc 2019
270 ## - ADDRESS
City Tamil Nadu
Address 61, 66 T.P.K. Main Road, Vasantha Nagar, Madurai
Postal code 625003
Telephone number 0452-4208765
-- 7639303383
Electronic mail address shanlaxpublications@gmail.com
300 ## - PHYSICAL DESCRIPTION
Extent 342p. :
Dimensions 22cm(pbk)
Other physical details ill.
942 ## - ADDED ENTRY ELEMENTS (KOHA)
Source of classification or shelving scheme Dewey Decimal Classification
Item type English Books
Call number suffix DAM
Classification part 363.700954
Holdings
Withdrawn status Lost status Not for loan Collection code Home library Current library Date acquired Source of acquisition Cost, normal purchase price Full call number Barcode Copy number Cost, replacement price Koha item type
      Non-fiction Shahdara Branch Shahdara Branch 19/04/2023 DBAD/PUB 800.00 363.700954 DAM EN-120268 1 800.00 English Books

© Delhi Public Library
Hit Counter
free hit counter